00583nam a22001697a 450000500170000001000150001702000260003203500130005803700130007108200130008424501120009726000320020927000780024130000250031950000500034470000190039420150810123823.0 aENG-113590 a9780415735995c895.00 aEN-97122 bDBAD/PUB a630.2515 aClimate change and agriculture in India :cby K. Palanisami...[et al]bstudies from selected river basins / aNew DelhibRoutledge c2014 a912 Tolstoy House, 15-17 Tolstoy Marg, Connaught PlacebNew Delhie110001 axxii,319p.c23cm(Hb) aIncludes bibliographical references and index aPalanisami, K.